| 000 | 01639nam0a2200325 i 4500 | ||
|---|---|---|---|
| 001 | RU\NLR\bibl\2012443 | ||
| 005 | 20260407025224.0 | ||
| 010 |
_a9785779323734 _91000 |
||
| 021 |
_aRU _b2013-451и _950и |
||
| 035 | _a(NLR Aleph) 002000942 | ||
| 090 |
_a4358230 _c4358230 |
||
| 100 | _a20130318d2012 u y0rusy50 ca | ||
| 101 | 0 | _arus | |
| 102 | _aRU | ||
| 105 | _aa ||||||||| | ||
| 200 | 1 |
_aСаратовский государственный художественный музей имени А.Н. Радищева _e[книга-альбом _fЛ. Пашкова и др.] |
|
| 210 |
_aМосква _cБелый город _d2012 |
||
| 215 |
_a64 с. _cил., цв. ил., портр. _d31 |
||
| 225 | 1 | _aСокровища русского искусства | |
| 601 | 0 | 2 |
_aСаратовский государственный художественный музей им. А.Н. Радищева _jАльбомы _xКоллекция изобразительного искусства _92155288 _3RU\NLR\auth\661602281 |
| 606 | 1 |
_aИзобразительное искусство русское _jАльбомы _z18 - 20 вв. _92188662 _3RU\NLR\auth\661315787 |
|
| 686 | _aЩ103(2Р=Рус)7я61 | ||
| 686 | _aЩ101.3(2Р)-2Саратов2Худож.музей им.Радищева я61 | ||
| 701 | 1 |
_aПашкова _bЛ. _4070 |
|
| 711 | 0 | 2 |
_aСаратовский государственный художественный музей им. А. Н. Радищева _3RU\NLR\AUTH\8810010973 _9519623 |
| 801 | 0 |
_aRU _bNLR _c20130318 _gRCR |
|
| 801 | 1 |
_aRU _bNLR _c20130318 |
|
| 942 | _cBOOK | ||
| 980 | _aNBR | ||